[Event "April 9 Early 2024"]
[Site "Chess.com"]
[Date "2024.04.09"]
[Round "7"]
[White "Iniyan, Pa"]
[Black "Tan, Jun Ying"]
[Result "1-0"]
[Board "46"]
[WhiteFideId "25002767"]
[BlackFideId "5710413"]
[WhiteTitle "GM"]
[BlackTitle "CM"]
[WhiteElo "2860"]
[BlackElo "2648"]
[WhiteTeam "IND"]
[BlackTeam "MAS"]
[WhiteClock "0:00:11"]
[BlackClock "0:00:05"]
[Variant "Standard"]

1. d4 {[%clk 0:03:00]}  Nf6 {[%clk 0:02:59]} 2. c4 {[%clk 0:03:00]}  c5 {[%clk 0:03:00]} 3. d5 {[%clk 0:02:58]}  e6 {[%clk 0:03:00]} 4. Nc3 {[%clk 0:02:58]}  exd5 {[%clk 0:03:01]} 5. cxd5 {[%clk 0:02:59]}  d6 {[%clk 0:03:02]} 6. e4 {[%clk 0:02:59]}  g6 {[%clk 0:03:02]} 7. Nf3 {[%clk 0:02:58]}  a6 {[%clk 0:03:02]} 8. a4 {[%clk 0:02:58]}  Bg4 {[%clk 0:03:02]} 9. Be2 {[%clk 0:02:57]}  Bxf3 {[%clk 0:03:02]} 10. Bxf3 {[%clk 0:02:58]}  Bg7 {[%clk 0:03:03]} 11. O-O {[%clk 0:02:58]}  O-O {[%clk 0:03:04]} 12. Bf4 {[%clk 0:02:56]}  Qe7 {[%clk 0:02:59]} 13. e5 {[%clk 0:02:49]}  dxe5 {[%clk 0:02:54]} 14. d6 {[%clk 0:02:50]}  Qd7 {[%clk 0:02:51]} 15. Bxe5 {[%clk 0:02:48]}  Nc6 {[%clk 0:02:51]} 16. Bxf6 {[%clk 0:02:05]}  Bxf6 {[%clk 0:02:50]} 17. Bg4 {[%clk 0:02:05]}  Qd8 {[%clk 0:02:44]} 18. Re1 {[%clk 0:02:04]}  Ne5 {[%clk 0:02:15]} 19. Ne4 {[%clk 0:01:22]}  Nxg4 {[%clk 0:02:02]} 20. Qxg4 {[%clk 0:01:23]}  Bxb2 {[%clk 0:02:01]} 21. Rab1 {[%clk 0:01:23]}  Bg7 {[%clk 0:01:37]} 22. Qh3 {[%clk 0:01:02]}  f5 {[%clk 0:01:17]} 23. Qb3+ {[%clk 0:00:27]}  Kh8 {[%clk 0:01:17]} 24. Nxc5 {[%clk 0:00:27]}  Qxd6 {[%clk 0:01:16]} 25. Ne6 {[%clk 0:00:27]}  Rfe8 {[%clk 0:00:16]} 26. Ng5 {[%clk 0:00:27]}  Rxe1+ {[%clk 0:00:15]} 27. Rxe1 {[%clk 0:00:28]}  Qf6 {[%clk 0:00:04]} 28. Nf7+ {[%clk 0:00:24]}  Kg8 {[%clk 0:00:05]} 29. Nd8+ {[%clk 0:00:21]}  Kh8 {[%clk 0:00:04]} 30. Nf7+ {[%clk 0:00:12]}  Kg8 {[%clk 0:00:04]} 31. Nd8+ {[%clk 0:00:10]}  Kh8 {[%clk 0:00:05]} 32. Re8+ {[%clk 0:00:10]}  Bf8 {[%clk 0:00:05]} 33. Qd1 {[%clk 0:00:10]}  Rxd8 {[%clk 0:00:02]} 34. Rxd8 {[%clk 0:00:09]}  Kg7 {[%clk 0:00:02]} 35. h3 {[%clk 0:00:09]}  Kh6 {[%clk 0:00:02]} 36. Qd2+ {[%clk 0:00:09]}  f4 {[%clk 0:00:03]} 37. Rd4 {[%clk 0:00:08]}  g5 {[%clk 0:00:03]} 38. h4 {[%clk 0:00:08]}  Kg6 {[%clk 0:00:02]} 39. hxg5 {[%clk 0:00:08]}  Qxg5 {[%clk 0:00:01]} 40. Rxf4 {[%clk 0:00:08]}  Bg7 {[%clk 0:00:01]} 41. Qd3+ {[%clk 0:00:08]}  Kh6 {[%clk 0:00:02]} 42. Rf3 {[%clk 0:00:07]}  Qe5 {[%clk 0:00:01]} 43. Rh3+ {[%clk 0:00:07]}  Kg5 {[%clk 0:00:02]} 44. Qg3+ {[%clk 0:00:07]}  Qxg3 {[%clk 0:00:02]} 45. Rxg3+ {[%clk 0:00:07]}  Kf5 {[%clk 0:00:03]} 46. Rb3 {[%clk 0:00:08]}  b5 {[%clk 0:00:02]} 47. axb5 {[%clk 0:00:09]}  a5 {[%clk 0:00:03]} 48. Ra3 {[%clk 0:00:09]}  Bf8 {[%clk 0:00:03]} 49. Ra4 {[%clk 0:00:09]}  Bc5 {[%clk 0:00:04]} 50. Rxa5 {[%clk 0:00:09]}  Bb6 {[%clk 0:00:04]} 51. Ra6 {[%clk 0:00:10]}  Bd4 {[%clk 0:00:05]} 52. Rc6 {[%clk 0:00:11]}  Ke5 {[%clk 0:00:05]} 53. b6 {[%clk 0:00:11]}  Kd5 {[%clk 0:00:05]} 54. b7 {[%clk 0:00:12]}  Ba7 {[%clk 0:00:05]} 55. Rc8 {[%clk 0:00:11]} 1-0

[Event "April 9 Early 2024"]
[Site "Chess.com"]
[Date "2024.04.09"]
[Round "7"]
[White "Kvaloy, Aksel Bu"]
[Black "Beerdsen, Thomas"]
[Result "0-1"]
[Board "48"]
[WhiteFideId "1528815"]
[BlackFideId "1030108"]
[WhiteTitle "IM"]
[BlackTitle "GM"]
[WhiteElo "2642"]
[BlackElo "2855"]
[WhiteTeam "NOR"]
[BlackTeam "NED"]
[WhiteClock "0:00:00"]
[BlackClock "0:00:44"]
[Variant "Standard"]

1. d4 {[%clk 0:02:55]}  Nf6 {[%clk 0:03:00]} 2. Nf3 {[%clk 0:02:48]}  Nc6 {[%clk 0:03:00]} 3. Bg5 {[%clk 0:02:43]}  d5 {[%clk 0:02:53]} 4. Nbd2 {[%clk 0:02:42]}  Ne4 {[%clk 0:02:50]} 5. Bh4 {[%clk 0:02:40]}  Bg4 {[%clk 0:02:45]} 6. e3 {[%clk 0:02:35]}  Qd6 {[%clk 0:02:42]} 7. Bg3 {[%clk 0:02:30]}  Nxg3 {[%clk 0:02:39]} 8. hxg3 {[%clk 0:02:29]}  e5 {[%clk 0:02:35]} 9. dxe5 {[%clk 0:02:25]}  Nxe5 {[%clk 0:02:35]} 10. c3 {[%clk 0:02:26]}  c6 {[%clk 0:02:24]} 11. Be2 {[%clk 0:02:22]}  Nxf3+ {[%clk 0:02:21]} 12. Bxf3 {[%clk 0:02:21]}  Be6 {[%clk 0:02:17]} 13. Bg4 {[%clk 0:02:20]}  O-O-O {[%clk 0:02:15]} 14. Bxe6+ {[%clk 0:02:20]}  fxe6 {[%clk 0:02:15]} 15. Qe2 {[%clk 0:02:19]}  g6 {[%clk 0:02:13]} 16. O-O-O {[%clk 0:02:16]}  Bg7 {[%clk 0:02:13]} 17. e4 {[%clk 0:02:14]}  h5 {[%clk 0:02:09]} 18. Kc2 {[%clk 0:02:10]}  Rd7 {[%clk 0:02:06]} 19. g4 {[%clk 0:02:08]}  d4 {[%clk 0:01:55]} 20. Nc4 {[%clk 0:01:54]}  Qc5 {[%clk 0:01:54]} 21. cxd4 {[%clk 0:01:28]}  Rxd4 {[%clk 0:01:55]} 22. Rxd4 {[%clk 0:01:28]}  Bxd4 {[%clk 0:01:55]} 23. Kb1 {[%clk 0:01:23]}  hxg4 {[%clk 0:01:55]} 24. Rxh8+ {[%clk 0:01:19]}  Bxh8 {[%clk 0:01:55]} 25. Ne3 {[%clk 0:01:19]}  g3 {[%clk 0:01:54]} 26. fxg3 {[%clk 0:00:58]}  Qe5 {[%clk 0:01:54]} 27. Nc4 {[%clk 0:00:50]}  Qxg3 {[%clk 0:01:54]} 28. Qf3 {[%clk 0:00:47]}  Qxf3 {[%clk 0:01:43]} 29. gxf3 {[%clk 0:00:48]}  b5 {[%clk 0:01:38]} 30. Ne3 {[%clk 0:00:48]}  Bd4 {[%clk 0:01:36]} 31. Ng2 {[%clk 0:00:43]}  g5 {[%clk 0:01:33]} 32. b3 {[%clk 0:00:43]}  c5 {[%clk 0:01:29]} 33. Kc2 {[%clk 0:00:43]}  c4 {[%clk 0:01:28]} 34. bxc4 {[%clk 0:00:29]}  bxc4 {[%clk 0:01:28]} 35. Kd2 {[%clk 0:00:24]}  e5 {[%clk 0:01:23]} 36. Ne1 {[%clk 0:00:06]}  Kb7 {[%clk 0:01:23]} 37. Nc2 {[%clk 0:00:06]}  Kc6 {[%clk 0:01:20]} 38. Na3 {[%clk 0:00:06]}  Kc5 {[%clk 0:01:20]} 39. Kc2 {[%clk 0:00:07]}  Kb4 {[%clk 0:01:18]} 40. Nb1 {[%clk 0:00:07]}  c3 {[%clk 0:01:10]} 41. Kd3 {[%clk 0:00:07]}  a6 {[%clk 0:01:01]} 42. Kc2 {[%clk 0:00:07]}  Kc4 {[%clk 0:00:44]} 43. Kc1 {[%clk 0:00:00]}  Kd3 {[%clk 0:00:44]} 0-1

[Event "April 9 Early 2024"]
[Site "Chess.com"]
[Date "2024.04.09"]
[Round "7"]
[White "Barria Zuniga, Daniel"]
[Black "Klukin, Kirill"]
[Result "0-1"]
[Board "49"]
[WhiteFideId "3400816"]
[BlackFideId "24199273"]
[WhiteTitle "IM"]
[BlackTitle "IM"]
[WhiteElo "2638"]
[BlackElo "2842"]
[WhiteTeam "CHI"]
[BlackTeam "RUS"]
[WhiteClock "0:00:00"]
[BlackClock "0:00:55"]
[Variant "Standard"]

1. d4 {[%clk 0:03:00]}  Nf6 {[%clk 0:02:58]} 2. c4 {[%clk 0:03:00]}  Nc6 {[%clk 0:02:58]} 3. e3 {[%clk 0:02:52]}  e6 {[%clk 0:02:57]} 4. Nc3 {[%clk 0:02:49]}  Bb4 {[%clk 0:02:57]} 5. Ne2 {[%clk 0:02:49]}  d6 {[%clk 0:02:56]} 6. a3 {[%clk 0:02:49]}  Bxc3+ {[%clk 0:02:55]} 7. Nxc3 {[%clk 0:02:50]}  O-O {[%clk 0:02:56]} 8. b4 {[%clk 0:02:47]}  e5 {[%clk 0:02:56]} 9. d5 {[%clk 0:02:47]}  Nb8 {[%clk 0:02:56]} 10. e4 {[%clk 0:02:45]}  a5 {[%clk 0:02:55]} 11. Rb1 {[%clk 0:02:43]}  c6 {[%clk 0:02:45]} 12. Be2 {[%clk 0:02:40]}  cxd5 {[%clk 0:02:42]} 13. cxd5 {[%clk 0:02:36]}  axb4 {[%clk 0:02:42]} 14. axb4 {[%clk 0:02:36]}  Bd7 {[%clk 0:02:41]} 15. O-O {[%clk 0:02:34]}  Qe7 {[%clk 0:02:35]} 16. Be3 {[%clk 0:02:33]}  Rc8 {[%clk 0:02:35]} 17. Qb3 {[%clk 0:02:25]}  Ng4 {[%clk 0:02:17]} 18. Bb6 {[%clk 0:02:06]}  f5 {[%clk 0:02:05]} 19. f3 {[%clk 0:01:46]}  Nf6 {[%clk 0:02:05]} 20. b5 {[%clk 0:01:37]}  fxe4 {[%clk 0:01:57]} 21. fxe4 {[%clk 0:01:28]}  Be8 {[%clk 0:01:57]} 22. h3 {[%clk 0:01:13]}  Nbd7 {[%clk 0:01:56]} 23. Be3 {[%clk 0:01:11]}  Nc5 {[%clk 0:01:55]} 24. Qb4 {[%clk 0:01:11]}  Bg6 {[%clk 0:01:54]} 25. Bg5 {[%clk 0:00:53]}  Rf8 {[%clk 0:01:47]} 26. b6 {[%clk 0:00:47]}  h6 {[%clk 0:01:40]} 27. Bh4 {[%clk 0:00:46]}  Bh7 {[%clk 0:01:40]} 28. Bf2 {[%clk 0:00:20]}  Nfxe4 {[%clk 0:01:36]} 29. Nxe4 {[%clk 0:00:18]}  Nxe4 {[%clk 0:01:36]} 30. Be3 {[%clk 0:00:14]}  Ng3 {[%clk 0:01:34]} 31. Bb5 {[%clk 0:00:08]}  Nxf1 {[%clk 0:01:27]} 32. Rxf1 {[%clk 0:00:07]}  Rxf1+ {[%clk 0:01:20]} 33. Bxf1 {[%clk 0:00:08]}  Ra1 {[%clk 0:01:19]} 34. Qc4 {[%clk 0:00:07]}  Bf5 {[%clk 0:01:14]} 35. Kh2 {[%clk 0:00:04]}  Qd7 {[%clk 0:01:09]} 36. Be2 {[%clk 0:00:03]}  Ra4 {[%clk 0:01:07]} 37. Qb3 {[%clk 0:00:01]}  Ra8 {[%clk 0:00:59]} 38. Bb5 {[%clk 0:00:01]}  Qf7 {[%clk 0:01:00]} 39. Bc4 {[%clk 0:00:01]}  Be4 {[%clk 0:00:59]} 40. Qb4 {[%clk 0:00:00]}  Qg6 {[%clk 0:00:55]} 0-1

[Event "April 9 Early 2024"]
[Site "Chess.com"]
[Date "2024.04.09"]
[Round "7"]
[White "Poormosavi, Seyed Kian"]
[Black "Velikanov, Alexander"]
[Result "1-0"]
[Board "51"]
[WhiteFideId "12585807"]
[BlackFideId "2039290"]
[WhiteTitle "IM"]
[BlackTitle "IM"]
[WhiteElo "2809"]
[BlackElo "2629"]
[WhiteTeam "IRI"]
[BlackTeam "USA"]
[WhiteClock "0:00:26"]
[BlackClock "0:00:01"]
[Variant "Standard"]

1. Nf3 {[%clk 0:02:57]}  Nf6 {[%clk 0:02:59]} 2. g3 {[%clk 0:02:57]}  g6 {[%clk 0:02:59]} 3. Bg2 {[%clk 0:02:58]}  Bg7 {[%clk 0:03:00]} 4. d4 {[%clk 0:02:59]}  O-O {[%clk 0:03:00]} 5. O-O {[%clk 0:03:00]}  d6 {[%clk 0:03:00]} 6. c3 {[%clk 0:03:00]}  Nc6 {[%clk 0:02:59]} 7. Nbd2 {[%clk 0:03:01]}  e5 {[%clk 0:02:57]} 8. dxe5 {[%clk 0:03:01]}  dxe5 {[%clk 0:02:53]} 9. e4 {[%clk 0:03:01]}  a5 {[%clk 0:02:42]} 10. a4 {[%clk 0:03:00]}  h6 {[%clk 0:02:39]} 11. Qe2 {[%clk 0:03:00]}  Be6 {[%clk 0:02:30]} 12. Rd1 {[%clk 0:02:55]}  Qe7 {[%clk 0:02:23]} 13. b3 {[%clk 0:02:54]}  Rfd8 {[%clk 0:02:20]} 14. Ba3 {[%clk 0:02:54]}  Qe8 {[%clk 0:02:17]} 15. Nc4 {[%clk 0:02:53]}  Nd7 {[%clk 0:02:09]} 16. Bf1 {[%clk 0:02:45]}  f5 {[%clk 0:02:02]} 17. exf5 {[%clk 0:02:39]}  gxf5 {[%clk 0:01:59]} 18. Bg2 {[%clk 0:02:29]}  Qf7 {[%clk 0:01:49]} 19. Rd2 {[%clk 0:02:15]}  Bxc4 {[%clk 0:01:42]} 20. bxc4 {[%clk 0:02:13]}  Nb6 {[%clk 0:01:42]} 21. c5 {[%clk 0:02:06]}  Nxa4 {[%clk 0:01:25]} 22. Rxd8+ {[%clk 0:01:59]}  Rxd8 {[%clk 0:01:26]} 23. Qc2 {[%clk 0:02:00]}  Qc4 {[%clk 0:01:15]} 24. Nh4 {[%clk 0:01:48]}  Nd4 {[%clk 0:00:52]} 25. Qb1 {[%clk 0:01:44]}  Nb3 {[%clk 0:00:21]} 26. Bf1 {[%clk 0:01:03]}  Qe6 {[%clk 0:00:19]} 27. Nxf5 {[%clk 0:01:03]}  Nxa1 {[%clk 0:00:14]} 28. Nxg7 {[%clk 0:01:03]}  Kxg7 {[%clk 0:00:12]} 29. Qxa1 {[%clk 0:01:04]}  Qb3 {[%clk 0:00:11]} 30. Qe1 {[%clk 0:01:05]}  Qxc3 {[%clk 0:00:07]} 31. Qe4 {[%clk 0:01:05]}  Nxc5 {[%clk 0:00:02]} 32. Qg4+ {[%clk 0:01:01]}  Kf8 {[%clk 0:00:01]} 33. Qf5+ {[%clk 0:00:41]}  Ke8 {[%clk 0:00:02]} 34. Qg6+ {[%clk 0:00:35]}  Ke7 {[%clk 0:00:02]} 35. Qg7+ {[%clk 0:00:32]}  Ke8 {[%clk 0:00:03]} 36. Be2 {[%clk 0:00:26]}  Qd2 {[%clk 0:00:01]} 37. Bh5# {[%clk 0:00:26]} 1-0

[Event "April 9 Early 2024"]
[Site "Chess.com"]
[Date "2024.04.09"]
[Round "7"]
[White "Teterev, Vitaly"]
[Black "Haug, Havard"]
[Result "0-1"]
[Board "57"]
[WhiteFideId "13501429"]
[BlackFideId "1547887"]
[WhiteTitle "GM"]
[BlackTitle "FM"]
[WhiteElo "2607"]
[BlackElo "2788"]
[WhiteTeam "BLR"]
[BlackTeam "NOR"]
[WhiteClock "0:00:09"]
[BlackClock "0:01:26"]
[Variant "Standard"]

1. e4 {[%clk 0:03:00]}  c6 {[%clk 0:02:58]} 2. d4 {[%clk 0:03:00]}  d5 {[%clk 0:02:58]} 3. exd5 {[%clk 0:03:00]}  cxd5 {[%clk 0:02:59]} 4. Bd3 {[%clk 0:03:00]}  Nc6 {[%clk 0:02:59]} 5. c3 {[%clk 0:03:01]}  Qc7 {[%clk 0:02:58]} 6. h3 {[%clk 0:03:00]}  g6 {[%clk 0:02:56]} 7. Nf3 {[%clk 0:02:59]}  Nf6 {[%clk 0:02:53]} 8. O-O {[%clk 0:02:58]}  Bf5 {[%clk 0:02:53]} 9. Be2 {[%clk 0:02:58]}  Bg7 {[%clk 0:02:49]} 10. Be3 {[%clk 0:02:57]}  O-O {[%clk 0:02:48]} 11. Nbd2 {[%clk 0:02:54]}  Ne4 {[%clk 0:02:48]} 12. Nxe4 {[%clk 0:02:50]}  dxe4 {[%clk 0:02:42]} 13. Nd2 {[%clk 0:02:28]}  Rad8 {[%clk 0:02:31]} 14. g4 {[%clk 0:02:26]}  Bc8 {[%clk 0:02:31]} 15. Nxe4 {[%clk 0:02:26]}  f5 {[%clk 0:02:32]} 16. Qb3+ {[%clk 0:02:04]}  Kh8 {[%clk 0:02:23]} 17. Ng5 {[%clk 0:01:53]}  f4 {[%clk 0:02:22]} 18. Bc1 {[%clk 0:01:37]}  e5 {[%clk 0:02:17]} 19. d5 {[%clk 0:01:17]}  Na5 {[%clk 0:02:16]} 20. Qb4 {[%clk 0:01:08]}  b6 {[%clk 0:01:55]} 21. Bf3 {[%clk 0:01:04]}  Nb7 {[%clk 0:01:47]} 22. Ne6 {[%clk 0:01:02]}  Bxe6 {[%clk 0:01:47]} 23. dxe6 {[%clk 0:01:03]}  Nc5 {[%clk 0:01:48]} 24. Qc4 {[%clk 0:00:59]}  b5 {[%clk 0:01:42]} 25. Qxb5 {[%clk 0:00:55]}  e4 {[%clk 0:01:42]} 26. b4 {[%clk 0:00:35]}  Nxe6 {[%clk 0:01:33]} 27. Bxe4 {[%clk 0:00:34]}  Qxc3 {[%clk 0:01:33]} 28. Rb1 {[%clk 0:00:27]}  Qxh3 {[%clk 0:01:33]} 29. Bg2 {[%clk 0:00:15]}  Qxg4 {[%clk 0:01:31]} 30. Qc4 {[%clk 0:00:14]}  Rd4 {[%clk 0:01:28]} 31. f3 {[%clk 0:00:14]}  Qxg2+ {[%clk 0:01:26]} 32. Kxg2 {[%clk 0:00:14]}  Rxc4 {[%clk 0:01:27]} 33. Re1 {[%clk 0:00:14]}  Rc2+ {[%clk 0:01:27]} 34. Kf1 {[%clk 0:00:09]}  Nd4 {[%clk 0:01:26]} 0-1

[Event "April 9 Early 2024"]
[Site "Chess.com"]
[Date "2024.04.09"]
[Round "7"]
[White "Jaiveer Mahendru"]
[Black "Gavrilescu, David"]
[Result "0-1"]
[Board "58"]
[WhiteFideId "25611151"]
[BlackFideId "1227190"]
[WhiteTitle "FM"]
[BlackTitle "GM"]
[WhiteElo "2606"]
[BlackElo "2786"]
[WhiteTeam "IND"]
[BlackTeam "ROU"]
[WhiteClock "0:00:05"]
[BlackClock "0:00:54"]
[Variant "Standard"]

1. e4 {[%clk 0:03:00]}  c5 {[%clk 0:02:59]} 2. Nf3 {[%clk 0:03:00]}  a6 {[%clk 0:02:57]} 3. c4 {[%clk 0:02:55]}  Nc6 {[%clk 0:02:54]} 4. d4 {[%clk 0:02:49]}  cxd4 {[%clk 0:02:55]} 5. Nxd4 {[%clk 0:02:50]}  e5 {[%clk 0:02:56]} 6. Nb3 {[%clk 0:02:46]}  Bb4+ {[%clk 0:02:54]} 7. Bd2 {[%clk 0:02:45]}  Bxd2+ {[%clk 0:02:53]} 8. Qxd2 {[%clk 0:02:46]}  d6 {[%clk 0:02:53]} 9. Nc3 {[%clk 0:02:45]}  Nge7 {[%clk 0:02:54]} 10. Be2 {[%clk 0:02:45]}  Be6 {[%clk 0:02:53]} 11. O-O {[%clk 0:02:44]}  O-O {[%clk 0:02:53]} 12. Nd5 {[%clk 0:02:39]}  a5 {[%clk 0:02:51]} 13. a4 {[%clk 0:02:34]}  Bxd5 {[%clk 0:02:46]} 14. cxd5 {[%clk 0:02:35]}  Nb4 {[%clk 0:02:47]} 15. Rac1 {[%clk 0:02:30]}  Qb6 {[%clk 0:02:45]} 16. Bb5 {[%clk 0:02:09]}  f5 {[%clk 0:02:43]} 17. exf5 {[%clk 0:01:19]}  Rxf5 {[%clk 0:02:18]} 18. Kh1 {[%clk 0:00:23]}  Raf8 {[%clk 0:02:15]} 19. f3 {[%clk 0:00:24]}  Nbxd5 {[%clk 0:02:13]} 20. Bc4 {[%clk 0:00:23]}  e4 {[%clk 0:02:10]} 21. fxe4 {[%clk 0:00:19]}  Rxf1+ {[%clk 0:02:10]} 22. Rxf1 {[%clk 0:00:20]}  Rxf1+ {[%clk 0:02:09]} 23. Bxf1 {[%clk 0:00:21]}  Qxb3 {[%clk 0:02:10]} 24. exd5 {[%clk 0:00:21]}  Qxa4 {[%clk 0:02:07]} 25. Qe3 {[%clk 0:00:20]}  Qd7 {[%clk 0:02:00]} 26. h3 {[%clk 0:00:20]}  Kf8 {[%clk 0:01:57]} 27. Bc4 {[%clk 0:00:20]}  Qf5 {[%clk 0:01:54]} 28. Qa7 {[%clk 0:00:17]}  Qf4 {[%clk 0:01:49]} 29. Ba2 {[%clk 0:00:11]}  Qc1+ {[%clk 0:01:46]} 30. Kh2 {[%clk 0:00:11]}  Qxb2 {[%clk 0:01:47]} 31. Qxa5 {[%clk 0:00:11]}  Kf7 {[%clk 0:01:45]} 32. Qa4 {[%clk 0:00:10]}  g5 {[%clk 0:01:44]} 33. Qc4 {[%clk 0:00:07]}  h5 {[%clk 0:01:41]} 34. Qa4 {[%clk 0:00:07]}  h4 {[%clk 0:01:41]} 35. Qc4 {[%clk 0:00:06]}  Kf6 {[%clk 0:01:40]} 36. Qa4 {[%clk 0:00:05]}  Nf5 {[%clk 0:01:39]} 37. Qd7 {[%clk 0:00:04]}  Qe5+ {[%clk 0:01:36]} 38. Kg1 {[%clk 0:00:05]}  Ne3 {[%clk 0:01:21]} 39. Qd8+ {[%clk 0:00:04]}  Qe7 {[%clk 0:01:18]} 40. Qh8+ {[%clk 0:00:04]}  Kf7 {[%clk 0:01:14]} 41. Qh7+ {[%clk 0:00:04]}  Ke8 {[%clk 0:01:14]} 42. Qd3 {[%clk 0:00:05]}  Qe5 {[%clk 0:01:11]} 43. Qb5+ {[%clk 0:00:05]}  Kd8 {[%clk 0:01:06]} 44. Qxb7 {[%clk 0:00:05]}  Qa1+ {[%clk 0:01:05]} 45. Kh2 {[%clk 0:00:05]}  Qxa2 {[%clk 0:01:05]} 46. Qb8+ {[%clk 0:00:05]}  Kd7 {[%clk 0:01:04]} 47. Qb7+ {[%clk 0:00:05]}  Ke8 {[%clk 0:01:04]} 48. Qc8+ {[%clk 0:00:06]}  Ke7 {[%clk 0:01:04]} 49. Qe6+ {[%clk 0:00:06]}  Kd8 {[%clk 0:01:00]} 50. Qxd6+ {[%clk 0:00:05]}  Kc8 {[%clk 0:01:01]} 51. Qc5+ {[%clk 0:00:06]}  Kb7 {[%clk 0:00:58]} 52. Qxe3 {[%clk 0:00:07]}  Qxd5 {[%clk 0:00:58]} 53. Qe7+ {[%clk 0:00:07]}  Kc6 {[%clk 0:00:58]} 54. Qe3 {[%clk 0:00:08]}  Kd6 {[%clk 0:00:57]} 55. Kg1 {[%clk 0:00:09]}  Qf5 {[%clk 0:00:54]} 56. Qd3+ {[%clk 0:00:05]}  Qxd3 {[%clk 0:00:54]} 0-1

[Event "April 9 Early 2024"]
[Site "Chess.com"]
[Date "2024.04.09"]
[Round "7"]
[White "Ilinca, Felix-Antonio"]
[Black "Domingo Nunez, Alejandro"]
[Result "0-1"]
[Board "62"]
[WhiteFideId "54764998"]
[BlackFideId "22245561"]
[WhiteTitle "FM"]
[BlackTitle "FM"]
[WhiteElo "2743"]
[BlackElo "2598"]
[WhiteTeam "ROU"]
[BlackTeam "ESP"]
[WhiteClock "0:00:00"]
[BlackClock "0:00:08"]
[Variant "Standard"]

1. d4 {[%clk 0:03:00]}  g6 {[%clk 0:02:59]} 2. h4 {[%clk 0:02:59]}  Nf6 {[%clk 0:02:59]} 3. Nc3 {[%clk 0:02:59]}  d5 {[%clk 0:02:59]} 4. Bf4 {[%clk 0:02:59]}  Bg7 {[%clk 0:02:57]} 5. e3 {[%clk 0:03:00]}  a6 {[%clk 0:02:51]} 6. h5 {[%clk 0:02:57]}  Nxh5 {[%clk 0:02:48]} 7. Rxh5 {[%clk 0:02:56]}  gxh5 {[%clk 0:02:49]} 8. Qxh5 {[%clk 0:02:56]}  c5 {[%clk 0:02:40]} 9. Nxd5 {[%clk 0:02:01]}  e5 {[%clk 0:02:39]} 10. Bxe5 {[%clk 0:02:02]}  Qxd5 {[%clk 0:02:39]} 11. c4 {[%clk 0:02:02]}  Qe6 {[%clk 0:02:10]} 12. Bxg7 {[%clk 0:02:00]}  Rg8 {[%clk 0:02:11]} 13. Qxh7 {[%clk 0:01:50]}  f5 {[%clk 0:02:04]} 14. Be5 {[%clk 0:01:29]}  Nd7 {[%clk 0:01:58]} 15. d5 {[%clk 0:01:20]}  Qf7 {[%clk 0:01:54]} 16. Qxf7+ {[%clk 0:01:20]}  Kxf7 {[%clk 0:01:55]} 17. Bf4 {[%clk 0:01:21]}  b5 {[%clk 0:01:53]} 18. Nf3 {[%clk 0:01:14]}  Bb7 {[%clk 0:01:43]} 19. b3 {[%clk 0:01:09]}  b4 {[%clk 0:01:38]} 20. g3 {[%clk 0:01:08]}  Rae8 {[%clk 0:01:38]} 21. Bh3 {[%clk 0:01:08]}  Kf6 {[%clk 0:01:38]} 22. Kd2 {[%clk 0:01:03]}  Nf8 {[%clk 0:01:31]} 23. a3 {[%clk 0:00:53]}  Rh8 {[%clk 0:01:18]} 24. Bg2 {[%clk 0:00:49]}  Nd7 {[%clk 0:01:18]} 25. Nh4 {[%clk 0:00:43]}  Ra8 {[%clk 0:01:05]} 26. Bh3 {[%clk 0:00:41]}  a5 {[%clk 0:00:56]} 27. a4 {[%clk 0:00:33]}  Rad8 {[%clk 0:00:38]} 28. Rg1 {[%clk 0:00:29]}  Rh5 {[%clk 0:00:31]} 29. Bg2 {[%clk 0:00:25]}  Ne5 {[%clk 0:00:25]} 30. Bxe5+ {[%clk 0:00:23]}  Kxe5 {[%clk 0:00:26]} 31. f4+ {[%clk 0:00:24]}  Kf6 {[%clk 0:00:26]} 32. Bf3 {[%clk 0:00:24]}  Rh6 {[%clk 0:00:25]} 33. e4 {[%clk 0:00:23]}  fxe4 {[%clk 0:00:24]} 34. Bxe4 {[%clk 0:00:24]}  Rg8 {[%clk 0:00:24]} 35. Nf3 {[%clk 0:00:18]}  Rh3 {[%clk 0:00:22]} 36. Ng5 {[%clk 0:00:18]}  Rh2+ {[%clk 0:00:22]} 37. Ke3 {[%clk 0:00:19]}  Re8 {[%clk 0:00:18]} 38. Ne6 {[%clk 0:00:13]}  Bc8 {[%clk 0:00:19]} 39. Nxc5 {[%clk 0:00:13]}  Rb2 {[%clk 0:00:15]} 40. g4 {[%clk 0:00:12]}  Kf7 {[%clk 0:00:09]} 41. f5 {[%clk 0:00:11]}  Kf6 {[%clk 0:00:07]} 42. g5+ {[%clk 0:00:11]}  Ke5 {[%clk 0:00:07]} 43. Nd3+ {[%clk 0:00:10]}  Kd6 {[%clk 0:00:07]} 44. c5+ {[%clk 0:00:05]}  Kc7 {[%clk 0:00:07]} 45. d6+ {[%clk 0:00:00]}  Kd8 {[%clk 0:00:08]} 0-1

[Event "April 9 Early 2024"]
[Site "Chess.com"]
[Date "2024.04.09"]
[Round "7"]
[White "Iljin, Timofey"]
[Black "Koellner, Ruben Gideon"]
[Result "0-1"]
[Board "63"]
[WhiteFideId "14110180"]
[BlackFideId "12993093"]
[WhiteTitle "IM"]
[BlackTitle "IM"]
[WhiteElo "2588"]
[BlackElo "2740"]
[WhiteTeam "UKR"]
[BlackTeam "GER"]
[WhiteClock "0:00:13"]
[BlackClock "0:02:02"]
[Variant "Standard"]

1. e4 {[%clk 0:02:58]}  d6 {[%clk 0:02:59]} 2. d4 {[%clk 0:02:58]}  Nf6 {[%clk 0:02:59]} 3. Nc3 {[%clk 0:02:58]}  e5 {[%clk 0:02:59]} 4. dxe5 {[%clk 0:02:55]}  dxe5 {[%clk 0:03:00]} 5. Qxd8+ {[%clk 0:02:55]}  Kxd8 {[%clk 0:03:01]} 6. Bc4 {[%clk 0:02:56]}  Be6 {[%clk 0:03:00]} 7. Bxe6 {[%clk 0:02:56]}  fxe6 {[%clk 0:03:01]} 8. f3 {[%clk 0:02:57]}  Bd6 {[%clk 0:03:02]} 9. Be3 {[%clk 0:02:57]}  Ke7 {[%clk 0:03:03]} 10. O-O-O {[%clk 0:02:57]}  a6 {[%clk 0:03:03]} 11. Nh3 {[%clk 0:02:57]}  Nbd7 {[%clk 0:03:03]} 12. Nf2 {[%clk 0:02:55]}  b5 {[%clk 0:03:03]} 13. h4 {[%clk 0:02:52]}  c5 {[%clk 0:02:59]} 14. Rd2 {[%clk 0:02:46]}  c4 {[%clk 0:02:57]} 15. g4 {[%clk 0:02:39]}  Bc5 {[%clk 0:02:54]} 16. Bxc5+ {[%clk 0:02:11]}  Nxc5 {[%clk 0:02:55]} 17. h5 {[%clk 0:02:03]}  h6 {[%clk 0:02:53]} 18. b4 {[%clk 0:01:44]}  cxb3 {[%clk 0:02:43]} 19. cxb3 {[%clk 0:01:44]}  Rac8 {[%clk 0:02:43]} 20. Kb2 {[%clk 0:01:44]}  Rhd8 {[%clk 0:02:41]} 21. Rhd1 {[%clk 0:01:43]}  Rxd2+ {[%clk 0:02:40]} 22. Rxd2 {[%clk 0:01:44]}  Nh7 {[%clk 0:02:40]} 23. b4 {[%clk 0:01:31]}  Nd7 {[%clk 0:02:35]} 24. Nd3 {[%clk 0:01:08]}  Ng5 {[%clk 0:02:31]} 25. f4 {[%clk 0:01:08]}  exf4 {[%clk 0:02:31]} 26. Nxf4 {[%clk 0:01:09]}  Ne5 {[%clk 0:02:31]} 27. Rd1 {[%clk 0:00:48]}  Rc4 {[%clk 0:02:14]} 28. Ng6+ {[%clk 0:00:23]}  Nxg6 {[%clk 0:02:14]} 29. hxg6 {[%clk 0:00:23]}  Rxb4+ {[%clk 0:02:12]} 30. Ka3 {[%clk 0:00:24]}  Rc4 {[%clk 0:02:12]} 31. Kb3 {[%clk 0:00:24]}  Nxe4 {[%clk 0:02:11]} 32. Ne2 {[%clk 0:00:20]}  Nc5+ {[%clk 0:02:08]} 33. Kb2 {[%clk 0:00:20]}  Rxg4 {[%clk 0:02:08]} 34. Rf1 {[%clk 0:00:19]}  Rxg6 {[%clk 0:02:07]} 35. Kc3 {[%clk 0:00:18]}  Ne4+ {[%clk 0:02:03]} 36. Kd3 {[%clk 0:00:15]}  Ng3 {[%clk 0:02:01]} 37. Nf4 {[%clk 0:00:12]}  Nxf1 {[%clk 0:02:00]} 38. Nxg6+ {[%clk 0:00:13]}  Kf6 {[%clk 0:02:01]} 39. Nf4 {[%clk 0:00:14]}  Ng3 {[%clk 0:02:01]} 40. Ke3 {[%clk 0:00:14]}  Nf5+ {[%clk 0:02:01]} 41. Ke4 {[%clk 0:00:14]}  Nd6+ {[%clk 0:02:01]} 42. Kd4 {[%clk 0:00:13]}  e5+ {[%clk 0:02:01]} 43. Kd5 {[%clk 0:00:13]}  e4 {[%clk 0:02:02]} 0-1